Computational Methods in Systems Biology 10th International Conference,CMSB 2012Proceedings (Record no. 23381)

000 -LEADER
fixed length control field 00369nam a22001097a 4500
008 - FIXED-LENGTH DATA ELEMENTS--GENERAL INFORMATION
fixed length control field 130415b xxu||||| |||| 00| 0 eng d
010 ## - LIBRARY OF CONGRESS CONTROL NUMBER
LC control number 2012947593
020 ## - INTERNATIONAL STANDARD BOOK NUMBER
International Standard Book Number 9783642336355(pbk)
Terms of availability Avalable
050 ## - LIBRARY OF CONGRESS CALL NUMBER
Classification number 570.22MON
Item number 002334
245 ## - TITLE STATEMENT
Title Computational Methods in Systems Biology 10th International Conference,CMSB 2012Proceedings
Statement of responsibility, etc. David Gilbert
260 ## - PUBLICATION, DISTRIBUTION, ETC.
Place of publication, distribution, etc. USA
Name of publisher, distributor, etc. Springer
Date of publication, distribution, etc. 2012
Holdings
Withdrawn status Lost status Source of classification or shelving scheme Damaged status Not for loan Permanent Location Current Location Shelving location Date acquired Full call number Barcode Date last seen Price effective from Koha item type
          Central Library (CL) Central Library (CL) General Stacks 04/15/2013 570.22 MON RCMS002334 08/20/2021 04/15/2013 Book
© 2023 Central Library, National University of Sciences and Technology. All Rights Reserved.